| 000 | 00875nam a2200277 a 4500 | ||
|---|---|---|---|
| 001 | 54684 | ||
| 003 | BD-RjUL | ||
| 005 | 20211209080145.0 | ||
| 008 | 161108s1984 ohu||||| |||| 001 0 eng d | ||
| 020 | _a0538103000 (pbk.) | ||
| 035 | _a(BD-RjUL) 54806 | ||
| 040 |
_aBD-RjUL _beng _dBD-RjUL _cBD-RjUL |
||
| 041 | _aeng | ||
| 082 | 0 | 0 |
_a005.13 _223 _bWAC 1984 |
| 100 | 1 |
_aWagner, Gerald E. _9163069 |
|
| 245 | 1 | 0 |
_aComputer center operations / _cGerald E. Wagner, John B. Crawford, Donald R. Gruver. |
| 260 |
_aCincinnati, Ohio : _bSouth-Western Pub. Co., _cc1984. |
||
| 300 |
_ax, 278 p. : _bill. ; _c28 cm. |
||
| 500 | _aIncludes index. | ||
| 650 | 0 |
_aComputer programming _9163070 |
|
| 650 | 0 |
_aElectronic data processing departments. _9164333 |
|
| 700 | 1 |
_aCrawford, John B. _9163071 |
|
| 700 | 1 |
_aGruver, Donald R. _9163072 |
|
| 942 |
_2ddc _cBK |
||
| 999 |
_c54684 _d54684 |
||